000 00592nam a2200205 4500
003 OSt
005 20240709024908.0
006 a
008 240709b |||||||| |||| 00| 0 eng d
020 _a9781401872175
040 _aDWCL-Main lib.
_cOC
082 _aCirc. 741.6 G881e 2006
100 _aGroth, Chuck
245 _aExploring package design /
260 _aN. Y. :
_bThomson Delmar Learning,
_cc2006.
300 _axvii,
_b207 p. : ill. ;
_c25 cm.
504 _aIncludes bibliographical references and index.
650 _a1. Packaging-Design.
942 _2ddc
_n0
_cBK-CIRC
_kCirc.
999 _c2130
_d2130